[Event "Cappelle op 16th"]
[Site "Cappelle la Grande"]
[Date "2000.02.21"]
[Round "4"]
[White "Najer, Evgeniy"]
[Black "Petkevich, Jusefs"]
[Result "1-0"]
[WhiteElo "2572"]
[BlackElo "2459"]
[PlyCount "95"]
[EventDate "2000.02.19"]
[EventType "swiss"]
[EventRounds "9"]
[EventCountry "FRA"]
[SourceTitle "CBM 074 Extra"]
[Source "ChessBase"]
[SourceDate "2000.03.10"]
[SourceVersion "2"]
[SourceVersionDate "2000.03.10"]
[SourceQuality "1"]

1. d4 Nf6 2. c4 g6 3. Nc3 Bg7 4. e4 d6 5. Nf3 0-0 6. Be2 c5 7. d5 e6 8. 0-0 exd5 9. cxd5 Bg4 10. Bf4 Re8 11. Nd2 Nh5 12. Bxg4 Nxf4 13. Qf3 g5 14. h4 Ng6 15. hxg5 Qxg5 16. Nc4 Na6 17. Rae1 Nc7 18. Qf5 Qd8 19. g3 b5 20. Na5 b4 21. Nc6 Qf6 22. Nd1 Ne5 23. Kg2 Qxf5 24. Bxf5 Nxc6 25. dxc6 Ne6 26. Rh1 h6 27. e5 Rac8 28. Be4 dxe5 29. Ne3 Nd4 30. Nf5 Re6 31. Rc1 Rc7 32. Nxg7 Kxg7 33. Rxc5 f5 34. Bd5 Rf6 35. Rh4 Kf8 36. g4 Rg6 37. Kh3 fxg4+ 38. Rxg4 Rxg4 39. Kxg4 Ke7 40. Be4 Kd6 41. Rd5+ Ke6 42. f4 Rg7+ 43. Kh5 Nxc6 44. f5+ Kf7 45. Rd7+ Ne7 46. Rxa7 Rg5+ 47. Kxh6 Rg4 48. Bd5+ 1-0

[Event "Hessenliga 9900"]
[Site "Hessen"]
[Date "2000.02.13"]
[Round "6.1"]
[White "Duncker, Achim"]
[Black "Petkevich, Jusefs"]
[Result "0-1"]
[WhiteElo "2249"]
[BlackElo "2463"]
[PlyCount "79"]
[EventDate "1999.09.26"]
[EventType "team"]
[EventRounds "11"]
[EventCountry "GER"]
[SourceTitle "EXT 2002"]
[Source "ChessBase"]
[SourceDate "2001.11.25"]
[SourceVersion "1"]
[SourceVersionDate "2001.11.25"]
[SourceQuality "1"]

1. e4 c5 2. Nc3 Nc6 3. g3 g6 4. d3 Bg7 5. Be3 d6 6. Bg2 e6 7. Nge2 Nd4 8. Qd2 Ne7 9. Nd1 d5 10. c3 Nxe2 11. Qxe2 d4 12. Bd2 e5 13. 0-0 0-0 14. f4 Be6 15. cxd4 Qxd4+ 16. Be3 Qd6 17. Rc1 Rac8 18. b3 b6 19. Nf2 Rcd8 20. Rcd1 Nc6 21. f5 gxf5 22. exf5 Bxf5 23. Qf3 Ne7 24. g4 Bg6 25. h4 f5 26. h5 fxg4 27. Qxg4 Bf5 28. Qh4 h6 29. Ne4 Qe6 30. Kh1 Nd5 31. Bd2 Nf6 32. Rxf5 Qxf5 33. Rf1 Qe6 34. Rg1 Kh8 35. Bf1 Nxe4 36. Qxe4 Rd4 37. Qe1 Qf5 38. Qg3 Qxh5+ 39. Bh3 Qf3+ 40. Qxf3 0-1